বাংলার সুলতানি শাসনপর্বে শিক্ষার প্রকৃতি ও ধারা (১২০০-১৫৭৬ খ্রিষ্টাব্দ ) / (Record no. 77927)
[ view plain ]
| 000 -LEADER | |
|---|---|
| fixed length control field | 01834nam a2200265 a 4500 |
| 001 - CONTROL NUMBER | |
| control field | 77927 |
| 003 - CONTROL NUMBER IDENTIFIER | |
| rucl marc code | BD-RjUL |
| 005 - DATE AND TIME OF LATEST TRANSACTION | |
| control field | 20211209083052.0 |
| 008 - FIXED-LENGTH DATA ELEMENTS--GENERAL INFORMATION | |
| fixed length control field | 210211s2011 bg a|||| m||| 00| 0 ben d |
| 035 ## - SYSTEM CONTROL NUMBER | |
| System control number | (BD-RjUL)78153 |
| 040 ## - CATALOGING SOURCE | |
| Original cataloging agency | BD-RjUL |
| Language of cataloging | ben /eng |
| Transcribing agency | BD-RjUL |
| Modifying agency | BD-RjUL |
| 041 ## - LANGUAGE CODE | |
| Language code of text/sound track or separate title | ben |
| 082 ## - DEWEY DECIMAL CLASSIFICATION NUMBER | |
| Classification number | 379.5414 |
| Author mark and year | ASB 2011 |
| Edition number | 23 |
| 100 ## - MAIN ENTRY--PERSONAL NAME | |
| Personal name | আসাদুল্লাহ, আবু নোমান মো. |
| 9 (RLIN) | 244752 |
| 245 10 - TITLE STATEMENT | |
| Title | বাংলার সুলতানি শাসনপর্বে শিক্ষার প্রকৃতি ও ধারা (১২০০-১৫৭৬ খ্রিষ্টাব্দ ) / |
| Statement of responsibility, etc. | আবু নোমান মো. আসাদুল্লাহ ; |
| Linkage | গবেষণা তত্ত্বাবধায়ক : এ. কে. এম. ইয়াকুব আলী |
| 260 ## - PUBLICATION, DISTRIBUTION, ETC. (IMPRINT) | |
| Place of publication, distribution, etc. | রাজশাহী : |
| Name of publisher, distributor, etc. | ইসলামের ইতিহাস ও সংস্কৃতি বিভাগ, রাজশাহী বিশ্ববিদ্যালয়, |
| Date of publication, distribution, etc. | ২০১১ |
| 300 ## - PHYSICAL DESCRIPTION | |
| Pagination | ix, ২৭৯ পাতা : |
| Illustrations | চিএ ; |
| Size | ২৯ সেমি. |
| 502 ## - DISSERTATION NOTE | |
| Dissertation note | থিসিস (পিএইচ. ডি.) -- ইসলামের ইতিহাস ও সংস্কৃতি বিভাগ, রাজশাহী বিশ্ববিদ্যালয়, ২০১১ |
| 504 ## - BIBLIOGRAPHY, ETC. NOTE | |
| Bibliography, etc | গ্রন্থপঞ্জি : পাতা ২৬০-২৭৯ |
| 600 ## - SUBJECT ADDED ENTRY--PERSONAL NAME | |
| Personal name | |
| Titles and other words associated with a name | |
| Dates associated with a name | |
| 650 ## - SUBJECT ADDED ENTRY--TOPICAL TERM | |
| Topical term or geographic name as entry element | শিক্ষা |
| Geographic subdivision | ভারত |
| -- | বঙ্গ |
| General subdivision | ইতিহাস |
| Chronological subdivision | ১২০০-১৫৭৬ খ্রীষ্টাব্দ |
| 9 (RLIN) | 244778 |
| Topical term or geographic name as entry element | Education |
| Geographic subdivision | India |
| -- | Bengal |
| General subdivision | History |
| Chronological subdivision | 1200-1576 A. D. |
| 9 (RLIN) | 244779 |
| 700 ## - ADDED ENTRY--PERSONAL NAME | |
| Personal name | আলী, এ. কে. এম. ইয়াকুব, গবেষণা তত্ত্বাবধায়ক |
| 942 ## - ADDED ENTRY ELEMENTS (KOHA) | |
| Source of classification or shelving scheme | Dewey Decimal Classification |
| Koha item type | Theses |
| Lost status | Source of classification or shelving scheme | Damaged status | Not for loan | Collection code | Permanent Location | Current Location | Shelving location | Date acquired | Source of acquisition | Total Checkouts | Full call number | Date last seen | Copy number | Koha item type |
|---|---|---|---|---|---|---|---|---|---|---|---|---|---|---|
| Dewey Decimal Classification | Not For Loan | Theses | Central Library, University of Rajshahi | Central Library, University of Rajshahi | Documentation Section | 12/11/2012 | Controller of Exam., R.U. | BTHE 379.5414 ASB 2011 | 11/02/2021 | C-1 | Theses |